Osando decir la propia historia: el protagonismo político-pedagógico de la educación social en la calle /
Se presentan los resultados de una investigación cualitativa sobre la relación pedagógica que se establece entre los educadores sociales y los niños y adolescentes en situación de calle y de riesgo en la ciudad de Sao Paulo, Brasil. Se realizó una observación directa en varias situaciones de interac...
Сохранить в:
| Главный автор: | |
|---|---|
| Формат: | Неизвестно |
| Язык: | Spanish |
| Опубликовано: |
Heredia, Costa Rica :
Universidad Nacional. Escuela Ecuménica de Ciencias de la Religión, Universidad Biblica Latinoamericana,
|
| Предметы: | |
| Метки: |
Добавить метку
Нет меток, Требуется 1-ая метка записи!
|
MARC
| LEADER | 00000 a2200000 04500 | ||
|---|---|---|---|
| 001 | 40287 | ||
| 003 | cru CIDCACS/IIS | ||
| 005 | 20170223090148.0 | ||
| 007 | ta | ||
| 008 | 050630s2008 cr spa d | ||
| 020 | |a [sin ISBN] | ||
| 040 | |c cru CIDCACS/IIS | ||
| 090 | |a 06.03.04 G215o | ||
| 100 | |a Garcez Leme, María Cecilia | ||
| 245 | |a Osando decir la propia historia: |b el protagonismo político-pedagógico de la educación social en la calle / |c María Cecilia Garcez Leme | ||
| 260 | |a Heredia, Costa Rica : |b Universidad Nacional. Escuela Ecuménica de Ciencias de la Religión, |b Universidad Biblica Latinoamericana, | ||
| 300 | |a 186 páginas : ilustraciones | ||
| 520 | |a Se presentan los resultados de una investigación cualitativa sobre la relación pedagógica que se establece entre los educadores sociales y los niños y adolescentes en situación de calle y de riesgo en la ciudad de Sao Paulo, Brasil. Se realizó una observación directa en varias situaciones de interacción socioeducativa y una serie de relatos autobiográficos. Se plantea que los niños y adolescentes que viven en las calles y los educadores sociales son protagonistas de un nuevo quehacer educacional, lo que posibilita la gestación de una nueva sistematización sociopedagógica, o sea, nuevas búsquedas epistemológicas y metodológicas para nuevos y diferentes contextos educativos. | ||
| 590 | |a DISEMINAR062011/EFU/JUNIO2011 | ||
| 650 | |a NIÑOS DE LA CALLE | ||
| 650 | |a EDUCACION EXTRAESCOLAR | ||
| 650 | |a DERECHOS HUMANOS | ||
| 650 | |a DOCENTES | ||
| 650 | |a RESULTADOS DE INVESTIGACION | ||
| 650 | |a BRASIL | ||
| 942 | |2 ddc |c LI | ||
| 999 | |c 16954 |d 16954 | ||
